ბათუმის შოთა რუსთაველის სახელმწიფო უნივერსიტეტის ბიბლიოთეკა

მარტვილური ესკიზები (ბიბ.ჩანაწერი № 43048)

000 -LEADER
fixed length control field 00847nam a2200253Ia 4500
001 - CONTROL NUMBER
control field 9768
003 - CONTROL NUMBER IDENTIFIER
control field GE_BSU
008 - FIXED-LENGTH DATA ELEMENTS--GENERAL INFORMATION
fixed length control field 181216s||||||||xx |||||||||||||| ||und||
020 ## - INTERNATIONAL STANDARD BOOK NUMBER
International Standard Book Number 9992843039
040 ## - CATALOGING SOURCE
Transcribing agency GE_BSU
080 ## - UNIVERSAL DECIMAL CLASSIFICATION NUMBER
Universal Decimal Classification number 821.353.1–94+94(479.222.2)
100 ## - MAIN ENTRY--PERSONAL NAME
Personal name ნაჭყებია,ოთარ
245 ## - TITLE STATEMENT
Title მარტვილური ესკიზები
245 ## - TITLE STATEMENT
Remainder of title სამეგრელოს ისტორია
245 ## - TITLE STATEMENT
Statement of responsibility, etc. რედ.ომარ მეგრელიშვილი
260 ## - PUBLICATION, DISTRIBUTION, ETC.
Place of publication, distribution, etc. ბათუმი
260 ## - PUBLICATION, DISTRIBUTION, ETC.
Name of publisher, distributor, etc. ალიონი
260 ## - PUBLICATION, DISTRIBUTION, ETC.
Date of publication, distribution, etc. 1999
300 ## - PHYSICAL DESCRIPTION
Extent 68გვ.ფოტო პორტრ.18სმ.
653 ## - INDEX TERM--UNCONTROLLED
Uncontrolled term მარტვილური ესკიზები
653 ## - INDEX TERM--UNCONTROLLED
Uncontrolled term სამეგრელოს ისტორია
942 ## - ADDED ENTRY ELEMENTS (KOHA)
Koha item type წიგნი
ეგზემპლარები
Withdrawn status Lost status Damaged status Not for loan Date acquired Barcode Date last seen Price effective from Koha item type
        2018-12-17 32845 2018-12-17 2018-12-17 წიგნი
        2018-12-17 32846 2018-12-17 2018-12-17 წიგნი